Vplyv Covid-19 na rodovú rovnosť na trhu práce bakalárska práca

Na minha lista:
Detalhes bibliográficos
Autor principal: Bagová, Natália
Autor Corporativo: Národohospodárska fakulta EU. Katedra financií
Outros Autores: Majzlíková, Erika, 1993-
Formato: Livro
Idioma:eslovaco
Publicado em: Bratislava 2023
Tags: Adicionar Tag
Sem tags, seja o primeiro a adicionar uma tag!

MARC

LEADER 00000nbm a2200000 4500
001 0294495
005 20231108101545.7
041 0 |a slo 
044 |a SK 
245 1 0 |a Vplyv Covid-19 na rodovú rovnosť na trhu práce  |b bakalárska práca  |c Natália Bagová ; školiteľ: Erika Majzlíková 
264 1 |a Bratislava  |c 2023 
300 |a 52 s. 
100 1 |a Bagová, Natália 
700 1 |a Majzlíková, Erika, 1993- 
710 2 |a Národohospodárska fakulta EU. Katedra financií